| 000 | 004340000a22001690004500 | ||
|---|---|---|---|
| 003 | MACL | ||
| 005 | 20151231125124.0 | ||
| 008 | 151231b xxu||||| |||| 00| 0 eng d | ||
| 040 |
_aMACL _cMACL |
||
| 041 | _aEnglish | ||
| 082 | _a365/TRU | ||
| 100 |
_aTrumble, Alfred _925588 |
||
| 245 | _aIn Jail With Charles Dickens | ||
| 260 |
_bSuckling & Galloway _c1896 _aLondon |
||
| 650 |
_asocial Problem _925589 |
||
| 942 |
_cBK _k365/TRU _2ddc |
||
| 999 |
_c38081 _d38081 |
||